000 00664nam a22002177a 4500
003 UA-OsUOA
001 76258
007 ta
008 20110621b un ||||| |||| 00| 0 ukr d
100 _aПриходько С.
090 _a330(477)
_bП77
942 _cSA
040 _aUA-OsUOA
_bukr
_cUA-OsUOA
_dUA-OsUOA
245 _aМоніторинг рівня економічної безпеки національного промислового виробництва
300 _aС.82-84
955 _a0
041 _aukr
080 _a330(477)
773 0 _w76253
_tЕкономіст
_dК.
_d2011
_g5
650 7 _a330 Економіка взагалі
_2UDC
999 _c362561
_d362561